| 000 | 00689nam a2200193 i 4500 | ||
|---|---|---|---|
| 001 | 127833 | ||
| 003 | ES-MaACL | ||
| 005 | 20250604062543.0 | ||
| 007 | t| | ||
| 008 | 070214s1952 sp r ||||1| spa d | ||
| 100 | 1 |
_aRivas Santiago, Natalio, _d1865-1958 _997593 |
|
| 245 | 1 | 0 |
_aRetazos de Historia _b: páginas de mi archivo y apuntes para mis memorias : sexta parte del anecdotario histórico contemporáneo / _cNatalio Rivas Santiago. |
| 260 |
_aMadrid : _bEd. Nacional, _c1952. |
||
| 300 |
_a238 p. ; _c22 cm. |
||
| 651 | 7 |
_aEspaña- _xHistoria- _yS.XIX _2 _9142005 |
|
| 651 | 4 |
_aEspaña- _xHistoria- _yS.XX. _9138832 |
|
| 852 |
_aES-MaACL _jD-7435 _bR.32520 |
||
| 999 |
_c127833 _d127833 |
||